Plaza de toros de Ronda, 225 años (Record no. 180904)
[ view plain ]
| 000 -LEADER | |
|---|---|
| campo de control de longitud fija | 01062nam a2200265 i 4500 |
| 001 - NÚMERO DE CONTROL | |
| campo de control | 180904 |
| 003 - IDENTIFICADOR DE NÚMERO DE CONTROL | |
| campo de control | ES-MaACL |
| 005 - FECHA Y HORA DE LA ÚLTIMA TRANSACCIÓN | |
| campo de control | 20250728192312.0 |
| 008 - DATOS DE LONGITUD FIJA--INFORMACIÓN GENERAL | |
| campo de control de longitud fija | 120821s2010 sp aceo |||| | spa d |
| 080 ## - NÚMERO DE LA CLASIFICACIÓN DECIMAL UNIVERSAL | |
| Número de la Clasificación Decimal Universal | 725.826(460.356 Ronda):791.862(091) |
| 245 00 - MENCIÓN DEL TÍTULO | |
| Título | Plaza de toros de Ronda, 225 años |
| Resto del título | : [exposición] / |
| Mención de responsabilidad, etc. | [comisario, Pedro Romero de Solís ; edición de contenidos, Diego Carrasco]. |
| 250 ## - MENCION DE EDICION | |
| Mención de edición | 1ª ed. |
| 260 ## - PUBLICACIÓN, DISTRIBUCIÓN, ETC. | |
| Lugar de publicación, distribución, etc. | Ronda : |
| Nombre del editor, distribuidor, etc. | Real Maestranza de Caballería de Ronda, |
| Fecha de publicación, distribución, etc. | 2010. |
| 300 ## - DESCRIPCIÓN FÍSICA | |
| Extensión | 91 p. : |
| Otras características físicas | il. col. y n., fot. ; |
| Dimensiones | 22 x 24 cm. |
| 610 27 - PUNTO DE ACCESO ADICIONAL DE MATERIA--NOMBRE DE ENTIDAD CORPORATIVA | |
| Nombre de entidad corporativa o nombre de jurisdicción como elemento de entrada | Maestranza de Ronda. |
| 9 (RLIN) | 151334 |
| 651 #7 - PUNTO DE ACCESO ADICIONAL DE MATERIA--NOMBRE GEOGRÁFICO | |
| Nombre geográfico | Ronda- |
| Subdivisión general | Edificios, estructuras, etc. |
| 9 (RLIN) | 149768 |
| 700 1# - ENTRADA AGREGADA--NOMBRE PERSONAL | |
| Nombre de persona | Romero de Solís, Pedro. |
| 9 (RLIN) | 99375 |
| 700 1# - ENTRADA AGREGADA--NOMBRE PERSONAL | |
| Nombre de persona | Carrasco, Diego, |
| Fechas asociadas al nombre | 1954- |
| 9 (RLIN) | 151335 |
| 710 2# - ENTRADA AGREGADA--NOMBRE DE ENTIDAD CORPORATIVA | |
| Nombre de entidad corporativa o nombre de jurisdicción como elemento de entrada | Real Maestranza de Caballería de Ronda. |
| 9 (RLIN) | 6365 |
| 852 ## - LOCALIZACIÓN | |
| Ubicación | ES-MaACL |
| Número de control de estantería | A-12187 |
| itemnumber | 187783 |
| Sublocalización o colección | R.147095 |
| Ubicación en estantería | Depósito 1 |
| Signatura antigua | Olim: N-5192 |
| Encuadernación | Donacion:R.A.E |
| 914 ## - NOMBRE ENTIDAD DE DONANTE | |
| RLIN | 6336 |
| Nombre de congreso/reunión o jurisdicción como elemento de entrada | Real Academia Española |
| Unidad subordinada | Donante |
| 942 ## - ELEMENTOS DE ENTRADA SECUNDARIOS (KOHA) | |
| Fuente del sistema de clasificación o colocación | Clasificación decimal universal |
| Tipo de ítem Koha | Libro impreso |
| Estatus retirado | Estado de pérdida | Fuente del sistema de clasificación o colocación | Estado de daño | No para préstamo | Biblioteca de origen | Biblioteca actual | Ubicación en estantería | Fecha de adquisición | Fuente de adquisición | Total de préstamos | Signatura topográfica completa | Código de barras | Visto por última vez | Precio de reemplazo | Tipo de ítem Koha |
|---|---|---|---|---|---|---|---|---|---|---|---|---|---|---|---|
| Clasificación decimal universal | Biblioteca del Ateneo de Madrid | Biblioteca del Ateneo de Madrid | Depósito 1 | 21/08/2012 | Donación | A-12187 | 1190101 | 23/02/2023 | 23/02/2023 | Libro impreso |
